Introdution to mycology (Record no. 136639)

MARC details
000 -LEADER
fixed length control field 00361nam a2200145Ia 4500
008 - FIXED-LENGTH DATA ELEMENTS--GENERAL INFORMATION
fixed length control field 230917s9999||||xx |||||||||||||| ||und||
040 ## - CATALOGING SOURCE
-- 119741
Original cataloging agency VIVEKANANDA LIBRARY
041 ## - Language
-- English
082 ## - DDC NUMBER
Classification number 589.2 M474I
100 ## - MAIN ENTRY--PERSONAL NAME
Personal name Mehrotra, R. S
245 #0 - TITLE STATEMENT
Title Introdution to mycology
260 ## - PUBLICATION, DISTRIBUTION, ETC. (IMPRINT)
Place of publication, distribution, etc New Delhi
Name of publisher, distributor, etc New age international
Date of publication, distribution, etc 1990
300 ## - PHYSICAL DESCRIPTION
Pages 766p. p.
942 ## - ADDED ENTRY ELEMENTS (KOHA)
Koha item type Books
Holdings
Withdrawn status Lost status Damaged status Not for loan Location (home branch) Sublocation or collection (holding branch) Date acquired Koha issues (times borrowed) Koha full call number Accession No. Koha date last seen Koha item type
        VIVEKANANDA LIBRARY VIVEKANANDA LIBRARY 03/12/2008 1 589.2 M474I 237847 08/01/2025 Books
© Designed and Maintained by Vivekananda Library, MDU Rohtak